Guía de bibliotecas españolas
Descripción Física:
306 p. : a dues columnes ; 24 cm
Materias:
Biblioteques -- Espanya -- Guies
MARC
| LEADER | 00000nam a2200000Ia 4500 | ||
|---|---|---|---|
| 001 | 1192 | ||
| 003 | BGR | ||
| 005 | 20260324175339.0 | ||
| 008 | 160829s1977 xx 000 0 cat d | ||
| 080 | |a A-1-294 | ||
| 245 | |a Guía de bibliotecas españolas | ||
| 260 | |a Madrid : |b Dirección General del Libro y Bibliotecas, |c 1977 | ||
| 300 | |a 306 p. : |b a dues columnes ; |c 24 cm | ||
| 590 | |a A la portada: Instituto Bibliográfico Hispánico | ||
| 650 | |a Biblioteques |x Espanya |x Guies |9 28253 | ||
| 710 | |a Espanya. |b Dirección General del Libro y Bibliotecas |9 53638 | ||
| 710 | 2 | |a Instituto Bibliográfico Hispánico |9 71141 | |
| 901 | |a Arxiu | ||
| 942 | |n 1 |2 udc |c MON | ||
| 952 | |0 0 |1 0 |4 0 |6 A1294 |7 1 |9 44739 |a Arxiu |b Arxiu |d 2016-12-01 |l 0 |o A-1-294 |p 1192 |r 2016-12-01 00:00:00 |w 2016-12-01 |y ARXIU | ||
| 999 | |c 47321 |d 47321 | ||